| 000 | 00815nam a2200217 a 4500 | ||
|---|---|---|---|
| 003 | 0 | ||
| 005 | 20250321105530.0 | ||
| 008 | 060801s19uu xx 00 eng d | ||
| 050 |
_aPGS HQ 799.2.R5.P47 _b.K49 2006 |
||
| 100 | _aKim, Seung Oh. | ||
| 245 |
_aPerception of the grade 11 SISC school students on their right to know domestic Issues / _cSeung Oh Kim. |
||
| 260 |
_aLas Piñas City, Philippines : _bSouthville International School and Colleges, _c2006. |
||
| 300 |
_a24 pages : _billustrations ; _c28 cm. |
||
| 504 | _aIncludes bibliographical references. | ||
| 650 | _aChildren’s rights. | ||
| 650 | _aFreedom of information. | ||
| 650 |
_aYouth _vLegal status, laws, etc. |
||
| 650 |
_aDomestic relations _vPublic opinion. |
||
| 650 |
_aHigh school students _vAttitudes. |
||
| 942 |
_2lcc _cPASS |
||
| 999 |
_c97503 _d97503 |
||